| 000 | 00552nam a22001937a 4500 | ||
|---|---|---|---|
| 003 | SISC | ||
| 005 | 20160405131515.0 | ||
| 008 | 130830t xxu||||| |||| 00| 0 eng d | ||
| 020 | _a9788172451080 | ||
| 050 |
_aHF 5549.5 _b.M684 1998 |
||
| 082 |
_aHS 658.31124 _bM58 1998 |
||
| 100 |
_aMitra A.K. _915693 |
||
| 245 |
_aHow to succeed in interviews / _cA.K. Mitra |
||
| 260 |
_aNew Delhi : _bGoodwill Publishing House, _cc1998. |
||
| 300 |
_a128 p. : _bill. ; _c22 cm. |
||
| 650 |
_aInterviewing _xEmployee. _915694 |
||
| 942 |
_2lcc _cBK |
||
| 999 |
_c9992 _d9992 |
||